| 000 | 00932nam a2200265Ia 4500 | ||
|---|---|---|---|
| 003 | OSt | ||
| 005 | 20220923211942.0 | ||
| 006 | a|||||r|||| 00| 0 | ||
| 007 | ta | ||
| 008 | 220922b |||||||| |||| 00| 0 hin d | ||
| 024 | _a75,113 | ||
| 037 | _cTextual | ||
| 040 |
_aARTS _cARTS _bhin |
||
| 041 |
_2hin _ahin |
||
| 082 | _aR65,6:g, 152L2 | ||
| 100 |
_aद्विवेदी, गया प्रसाद _9159618 |
||
| 245 | 0 | _aश्रीमद्भगवत गीता दिव्यदर्शन | |
| 246 | _aShrīmadbhagavat gītā divyadarshana | ||
| 260 |
_aइलाहाबाद _b साहित्य भवन प्र0 _c1972 |
||
| 300 |
_a506पृ. _ccm. |
||
| 650 | _a भारतीय दर्शन | ||
| 650 | _aभगवत् गीता | ||
| 942 |
_hR65,6:g, 152L2 _cTEXL _2CC |
||
| 999 |
_c304860 _d304860 |
||